| 000 | 00542nam a22001817a 4500 | ||
|---|---|---|---|
| 999 |
_c3981 _d3938 |
||
| 008 | 200111b ||||| |||| 00| 1 eng d | ||
| 020 | _a9754584052 | ||
| 041 | _atur | ||
| 050 | _aPL248.A55 | ||
| 100 |
_9229 _aAnday, Melih Cevdet |
||
| 245 |
_aAylaklar : Roman _cYayına Hazırlayan: Mürşit Balabanlılar |
||
| 250 | _a1.Basım | ||
| 260 |
_aİstanbul: _bTürkiye İş Bankası Kültür Yayınları, _cEkim 2002 |
||
| 300 | _a265 Sayfa | ||
| 650 | 0 |
_9145 _aTürk Edebiyatı |
|
| 700 |
_91642 _aBalabanlılar, Mürşit |
||
| 942 |
_2lcc _cBK |
||